Autobahnen in Bayern - Statistiken

Allgemein
  • Dieses Quiz wurde 284 mal gespielt
  • Das Durchschnittsergebnis liegt bei 14 aus 20
Antwortstatistiken
Länge Autobahn % Korrekt
285 km A 9
100%
416 km A 3
99%
286 km A 7
99%
245 km A 8
98%
222 km A 6
92%
54 km A 99
88%
268 km A 93
81%
122 km A 96
81%
133 km A 92
78%
97 km A 94
77%
69 km A 95
77%
55 km A 71
71%
142 km A 73
71%
15,3 km A 72
70%
199 km A 70
63%
3,7 km A 81
59%
10 km A 995
43%
12 km A 45
29%
4,5 km A 980
23%
4,6 km A 952
20%
Keine übereinstimmenden Quizze gefunden
Verteilung der Resultate
Anzahl Personen mit jedem Resultat
Perzentil nach korrekt beantworteten Fragen
Ihre Resultats-Entwicklung
Sie haben dieses Quiz noch nicht gespielt